The true discription of this marueilous straunge fishe, : whiche was taken on thursday was sen night, the .xvi. day of Iune, this present month, in the yeare of our Lord God. M. D. LX.ix. A declaration of the taking of this straunge fishe, with the length [and] bredth. [and]c.

Bibliographic Details
Main Author: C. R., fl. 1569
Format: eBook
Language:English
Published: Imprynted at London : In Fleetstreate, beneathe the conduit, at the signe of Saint Iohn Euangelist, by Thomas Colwell, [1569]
Series:Early English books online.
Subjects:
Online Access:Connect to the full text of this electronic book

MARC

Tag First Indicator Second Indicator Subfields
LEADER 00000nam a2200000 4500
001 in00004189708
005 20200806083839.0
006 m g d
007 cr bn |||a|bb|
008 901113s1569 enka o 00 eng d
035 |a (UnM)99891309 
037 |a CL2105000001  |b ProQuest Information and Learning. 300 N. Zeeb Rd., Ann Arbor, MI 48106 
040 |a Cu-RivES  |c Cu-RivES  |d CStRLIN  |d Cu-RivES  |e dcrb 
100 0 |a C. R.,  |d fl. 1569. 
245 1 4 |a The true discription of this marueilous straunge fishe, :  |b whiche was taken on thursday was sen night, the .xvi. day of Iune, this present month, in the yeare of our Lord God. M. D. LX.ix. A declaration of the taking of this straunge fishe, with the length [and] bredth. [and]c. 
246 2 |a True discription of this marveilous straunge fishe 
260 |a Imprynted at London :  |b In Fleetstreate, beneathe the conduit, at the signe of Saint Iohn Euangelist, by Thomas Colwell,  |c [1569] 
300 |a 1 online resource (1 sheet ([1] pages) :  |b illustrations (woodcut). 
336 |a text  |b txt  |2 rdacontent 
337 |a computer  |b c  |2 rdamedia 
338 |a online resource  |b cr  |2 rdacarrier 
500 |a Signed: Qd. C.R. 
500 |a Reproduction of original in the British Library. 
510 4 |a STC (2nd edition)  |c 20570 
510 4 |a Early English books tract supplement interim guide  |c Huth 50[41] 
533 |a Electronic reproduction.  |b Ann Arbor, Mich. :  |c UMI,  |d 1999-  |f (Early English books online)  |n Digital version of: (Early English books; Tract supplement ; A3:4[40])  |7 s1999 miun s 
650 0 |a Curiosities and wonders  |z England  |v Early works to 1800. 
830 0 |a Early English books online. 
856 4 0 |u http://proxy.library.tamu.edu/login?url=https://search.proquest.com/docview/2240920894  |z Connect to the full text of this electronic book  |t 0 
999 f f |s f6e7bf0e-6ec5-3a62-a5ca-c5218d49ca44  |i 9ae9b684-1009-3dd5-831b-3e044f11d7b4  |t 0 
952 f f |a Texas A&M University  |b College Station  |c Electronic Resources  |d Available Online  |t 0  |h No information provided 
998 f f |t 0  |l Available Online